Ross and Wilson anatomy & physiology in health and illness / (Record no. 19197)
[ view plain ]
| 000 -LEADER | |
|---|---|
| fixed length control field | 01654cam a22003491a 4500 |
| 001 - CONTROL NUMBER | |
| control field | 18029246 |
| 005 - DATE AND TIME OF LATEST TRANSACTION | |
| control field | 20150420132224.0 |
| 008 - FIXED-LENGTH DATA ELEMENTS--GENERAL INFORMATION | |
| fixed length control field | 140131s2014 stka frbd 001 0 eng |
| 020 ## - INTERNATIONAL STANDARD BOOK NUMBER | |
| International Standard Book Number | 9780702053252 |
| 020 ## - INTERNATIONAL STANDARD BOOK NUMBER | |
| International Standard Book Number | 0702053252 |
| 020 ## - INTERNATIONAL STANDARD BOOK NUMBER | |
| International Standard Book Number | 9780702053269 (International ISBN) |
| 020 ## - INTERNATIONAL STANDARD BOOK NUMBER | |
| International Standard Book Number | 0702053260 (International ISBN) |
| 020 ## - INTERNATIONAL STANDARD BOOK NUMBER | |
| Cancelled/invalid ISBN | 9780702053214 (e-ISBN) |
| 040 ## - CATALOGING SOURCE | |
| Original cataloging agency | DNLM/DLC |
| Transcribing agency | DLC |
| Modifying agency | DLC |
| -- | EG-ScBUE |
| 082 00 - DEWEY DECIMAL CLASSIFICATION NUMBER | |
| Classification number | 612 |
| Item number | WAU |
| Edition number | 22 |
| 100 1# - MAIN ENTRY--PERSONAL NAME | |
| Personal name | Waugh, Anne. |
| 9 (RLIN) | 12249 |
| 245 10 - TITLE STATEMENT | |
| Title | Ross and Wilson anatomy & physiology in health and illness / |
| Statement of responsibility, etc | Anne Waugh, Allison Grant. |
| 246 3# - VARYING FORM OF TITLE | |
| Title proper/short title | Anatomy and physiology in health and illness |
| 250 ## - EDITION STATEMENT | |
| Edition statement | 12th ed. |
| 260 ## - PUBLICATION, DISTRIBUTION, ETC. (IMPRINT) | |
| Place of publication, distribution, etc | Edinburgh : |
| Name of publisher, distributor, etc | Churchill Livinstone Elsevier, |
| Date of publication, distribution, etc | 2014. |
| 300 ## - PHYSICAL DESCRIPTION | |
| Extent | xii, 509 p. : |
| Other physical details | ill. (col.) ; |
| Dimensions | 28 cm. |
| 500 ## - GENERAL NOTE | |
| General note | Index : p. 483-509. |
| 500 ## - GENERAL NOTE | |
| General note | Glossary : p. 471-477. |
| 504 ## - BIBLIOGRAPHY, ETC. NOTE | |
| Bibliography, etc | Bibliography : p. 481. |
| 505 0# - FORMATTED CONTENTS NOTE | |
| Formatted contents note | Introduction to the human body -- Introduction to the chemistry of life -- The cells, tissues and organisation of the body -- The blood -- The cardiovascular system -- The lymphatic system -- The nervous system -- The special senses -- The endocrine system -- The respiratory system -- Introduction to nutrition -- The digestive system -- The urinary system -- The skin -- Resistance and immunity -- The musculoskeletal system -- Introduction to genetics -- The reproductive systems. |
| 650 12 - SUBJECT ADDED ENTRY--TOPICAL TERM | |
| Topical term or geographic name as entry element | Anatomy |
| Form subdivision | Nurses' Instruction. |
| 9 (RLIN) | 37659 |
| 650 12 - SUBJECT ADDED ENTRY--TOPICAL TERM | |
| Topical term or geographic name as entry element | Physiology |
| Form subdivision | Nurses' Instruction. |
| 9 (RLIN) | 37660 |
| 653 ## - INDEX TERM--UNCONTROLLED | |
| Resource For college | Nursing |
| Arrived date list | April2015 |
| 655 ## - INDEX TERM--GENRE/FORM | |
| Form subdivision | |
| -- | 34232 |
| 700 1# - ADDED ENTRY--PERSONAL NAME | |
| Personal name | Grant, Allison |
| Fuller form of name | (Allison Wynn), |
| Dates associated with a name | 1961- |
| 9 (RLIN) | 37658 |
| 942 ## - ADDED ENTRY ELEMENTS (KOHA) | |
| Source of classification or shelving scheme | Dewey Decimal Classification |
| Call number prefix | 612 WAU |
| Withdrawn status | Item status | Source of classification or shelving scheme | Materials specified (bound volume or other part) | Damaged status | Not for loan | Vendor | Home library | Current library | Shelving location | Date acquired | Source of acquisition | Cost, normal purchase price | Serial Enumeration / chronology | Total Checkouts | Total Renewals | Full call number | Barcode | Date last seen | Date last borrowed | Cost, replacement price | Koha item type |
|---|---|---|---|---|---|---|---|---|---|---|---|---|---|---|---|---|---|---|---|---|---|
| Lost | Dewey Decimal Classification | Lost_In_Inventory_11-6-2024 | ايمك | Central Library | Central Library | First floor | 20/04/2015 | 797.00 | 2446 | 12 | 90 | 612 WAU | 000038029 | 12/02/2024 | 22/05/2021 | 996.25 | Book - Borrowing | ||||
| Dewey Decimal Classification | ايمك | Central Library | Central Library | First floor | 20/04/2015 | 797.00 | 2446 | 8 | 72 | 612 WAU | 000038030 | 02/04/2026 | 31/03/2026 | 996.25 | Book - Borrowing |